Effectif Inter Milan saison 2024/2025 - Statistiques

Statistiques générales
  • Ce quiz a été pris 564 fois
    135 depuis la dernière actualisation
  • Le résultat moyen est 16 sur 27
Statistiques - réponses
Hint Réponse % Correct
G Josep Martínez
97%
A Lautaro Martínez
97%
A Marcus Thuram
95%
G Yann Sommer
93%
M Nicolò Barella
91%
D Alessandro Bastoni
83%
D Federico Dimarco
81%
Coach Simone Inzaghi
79%
D Benjamin Pavard
74%
M Denzel Dumfries
74%
M Hakan Çalhanoğlu
74%
D Francesco Acerbi
64%
A Marko Arnautović
61%
D Stefan de Vrij
60%
D Matteo Darmian
55%
M Henrikh Mkhitaryan
54%
M Davide Frattesi
52%
A Mehdi Taremi
51%
D Yann-Aurel Bisseck
49%
M Carlos Augusto
41%
A Joaquín Correa
41%
M Piotr Zieliński
33%
M Kristjan Asllani
29%
G Raffaele Di Gennaro
19%
M Tajon Buchanan
19%
D Tomás Palacios
12%
A Eddie Salcedo
2%
Aucun quiz correspondant
Distribution des résultats
% des personnes avec chaque résultat
Percentile par nombre de réponses
Votre historique - résultats
Vous n’avez pas pris ce quiz depuis la dernière actualisation